La Reforma agraria en Costa Rica (1962-2002): balance de las intervenciones estatales en el Cantón de Osa /
En este artículo se aborda la reforma agraria desarrollada por el Estado costarricense, entre 1962 y 2002, en el cantón de Osa. Este proceso se institucionalizó por medio del Instituto Costarricense de Tierras y Colonización (ITCO), posteriormente denominado Instituto de Desarrollo Agrario (IDA). El...
Bewaard in:
| Hoofdauteur: | |
|---|---|
| Formaat: | Texto |
| Onderwerpen: | |
| Tags: |
Voeg label toe
Geen labels, Wees de eerste die dit record labelt!
|
MARC
| LEADER | 00000 a a2200000 04500 | ||
|---|---|---|---|
| 001 | 15667 | ||
| 003 | |||
| 040 | |||
| 100 | |a Royo Aspa, Antoni | ||
| 245 | |a La Reforma agraria en Costa Rica (1962-2002): |b balance de las intervenciones estatales en el Cantón de Osa / |c Antoni Royo Aspa | ||
| 520 | |a En este artículo se aborda la reforma agraria desarrollada por el Estado costarricense, entre 1962 y 2002, en el cantón de Osa. Este proceso se institucionalizó por medio del Instituto Costarricense de Tierras y Colonización (ITCO), posteriormente denominado Instituto de Desarrollo Agrario (IDA). El autor, a partir de datos censales e instituciones, realiza un análisis crítico de los alcances del "reformismo agrario a la tica", con base en este estudio de caso | ||
| 650 | |a REFORMA AGRARIA | ||
| 650 | |a HISTORIA SOCIAL | ||
| 650 | |a COSTA RICA | ||
| 773 | |g número 48; páginas 227-269 | ||
| 999 | |c 38423 |d 38423 | ||
